000 01000nam a2200313 i 4500
001 000013111
003 DO-SdBNP
005 20250210091628.0
007 ta
008 091120s1998 dr a 000 j spa d
020 _a976815649X (pbk)
040 _aDO-SdBNP
_bspa
_cBNPHU
_erda
041 _aspa
082 4 _aRD863.44
_bS787d 1998
_222
100 1 _aStanley, Avelino,
_d1959-
_91536
_eautor
_4aut.
245 1 4 _aLos disparos :
_b(cuentos) /
_cAvelino Stanley.
250 _aSegunda edición
264 4 _aSanto Domingo :
_bCocolo Editorial,
_c©1998.
300 _a73 páginas :
_bilustraciones ;
_c21 cm.
336 _atexto
_btxt
_2rdacontent
337 _asin mediación
_bn
_2rdamedia
338 _avolumen
_bnc
_2rdacontent
500 _aIncluye datos biográficos del autor en la contraportada.
590 _aInventariado, 2019/VM
650 4 _aCuentos dominicanos
_9176
650 4 _aLiteratura dominicana.
_967
910 _aValidado. Control de calidad MMOLINA
942 _2ddc
_cLBS1
999 _c12753
_d12753